NLSUI OPAC header image

Let them produce a constitution which carries behind it a fair measure of general agreement among the great peoples of India - lord birkenhead. How far the constitution of India been able to meet this challenge? (Record no. 217085)

MARC details
000 -LEADER
fixed length control field 01009nam a2200145Ia 4500
005 - DATE AND TIME OF LATEST TRANSACTION
control field 20260209120132.0
008 - FIXED-LENGTH DATA ELEMENTS--GENERAL INFORMATION
fixed length control field 260209s9999||||xx |||||||||||||| ||und||
100 ## - MAIN ENTRY--PERSONAL NAME
Personal name Palasree Kirttania
245 #0 - TITLE STATEMENT
Title Let them produce a constitution which carries behind it a fair measure of general agreement among the great peoples of India - lord birkenhead. How far the constitution of India been able to meet this challenge?
260 ## - PUBLICATION, DISTRIBUTION, ETC.
Place of publication, distribution, etc. BangaloreBangalore
Name of publisher, distributor, etc. NLSIU
Date of publication, distribution, etc. 2013
300 ## - PHYSICAL DESCRIPTION
Extent 70 p. ; 25 cm.
505 ## - FORMATTED CONTENTS NOTE
Formatted contents note TABLE OF CONTENTS 1. List of Abbreviations 5; 2. Chapter 1 - Introduction 6; 3. Chapter 2 - Meaning of Constitution 11; 4. Chapter 3 - Organization of Government in Constitution of India 27; 5. Chapter 4 - Historical Perspective on Making of the Constitution 46; 6. Chapter 5 - Reflection of General Agreement in the Constitution 60; 7. Chapter 6 - Conclusion 64; 8. Bibliography 69.
700 ## - ADDED ENTRY--PERSONAL NAME
Personal name Prof. T. Devidas - GuideProf. T. Devidas - Guide
856 ## - ELECTRONIC LOCATION AND ACCESS
Uniform Resource Identifier <a href="https://dans.nls.ac.in/handle/123456789/1834">https://dans.nls.ac.in/handle/123456789/1834</a>
Holdings
Withdrawn status Lost status Damaged status Not for loan Home library Current library Date acquired Total Checkouts Barcode Date last seen Price effective from Koha item type
        . . 09.02.2026   LLM450 09.02.2026 09.02.2026 Dissertation